UCM

Desaparecido (Record no. 48987)

MARC details
000 -LEADER
fixed length control field 00294nam a22001337a 4500
008 - FIXED-LENGTH DATA ELEMENTS--GENERAL INFORMATION
fixed length control field 221201b |||||||| |||| 00| 0 eng d
020 ## - INTERNATIONAL STANDARD BOOK NUMBER
International Standard Book Number 9789720041616
100 ## - MAIN ENTRY--PERSONAL NAME
Personal name Lewis , Susan
245 ## - TITLE STATEMENT
Title Desaparecido
260 ## - PUBLICATION, DISTRIBUTION, ETC. (IMPRINT)
Place of publication, distribution, etc Portugal
Date of publication, distribution, etc 2007
300 ## - PHYSICAL DESCRIPTION
Extent 443p
440 ## - SERIES STATEMENT/ADDED ENTRY--TITLE
Title 82
942 ## - ADDED ENTRY ELEMENTS (KOHA)
Source of classification or shelving scheme Universal Decimal Classification
Item type Reference
Holdings
Withdrawn status Lost status Source of classification or shelving scheme Damaged status Not for loan Collection code Home library Current library Shelving location Date acquired Total Checkouts Barcode Date last seen Price effective from Koha item type
Withdrawn   Universal Decimal Classification Damaged Not For Loan Fiction Lichinga - Faculdade de Gestão de Recursos Florestais e Faunísticos Lichinga - Faculdade de Gestão de Recursos Florestais e Faunísticos General Stacks 01/12/2022   22082382727 01/12/2022 01/12/2022 Books

Universidade Católica de Moçambique - Rua Marquês de Soveral, 960, Palmeiras II, Beira, Moçambique

Tel (Central): (+258) 23 313 077 - Fax: (+258) 23 311 520 - Email: reitoria@ucm.ac.mz - Web: www.ucm.ac.mz